Normal view MARC view
  • HBOS plc

Entry Corporate Name

Number of records used in: 10

001 - CONTROL NUMBER

  • control field: 4703

003 - CONTROL NUMBER IDENTIFIER

  • control field: SIRSI

005 - DATE AND TIME OF LATEST TRANSACTION

  • control field: 20190806150236.0

008 - FIXED-LENGTH DATA ELEMENTS

  • fixed length control field: 050428n| aaannaabn |n ana d

040 ## - CATALOGING SOURCE

  • Original cataloging agency: OSt
  • Transcribing agency: OSt

110 ## - HEADING--CORPORATE NAME

  • Corporate name or jurisdiction name as entry element: HBOS plc

670 ## - SOURCE DATA FOUND

  • Source citation: Halifax house price index